2000年生まれに多い名前 - Statistics

General Stats
  • This quiz has been taken 103 times
  • The average score is 22 of 100
Answer Stats
Answer % Correct
男35
75%
男3
63%
男40
57%
女30
52%
女27
51%
男1 翔太
48%
男34
46%
女43
41%
男25
38%
女26 結衣
38%
男8 健太
37%
女38 | 男33 優希
37%
男7
36%
男26 優斗
36%
女5 さくら
36%
男46
35%
男28 悠斗
33%
女23 陽菜
33%
男44 悠太
32%
女16
32%
男15 駿
31%
男27
31%
男31
31%
女14
31%
男11 大樹
30%
男21
30%
男5 海斗
28%
男16 優太
28%
男30 大翔
28%
男49 裕太
28%
男50 悠人
28%
女3
28%
男10 雄大
27%
女18 優香
27%
男2 大輝
25%
男6
25%
男14 颯太
25%
男23 大輔
25%
男38 大貴
25%
男13 亮太
23%
女7 優花
23%
女12 美優
23%
女8 彩花
22%
男41 涼太
21%
女6 七海
21%
女24 優衣
21%
女2
20%
女22 優奈
20%
女44 彩香
20%
女48 佳奈
20%
男32 健人
19%
男37
19%
女11 美月
19%
男42
17%
女10 未来
17%
女40 真由
17%
女45
17%
女46
17%
男17
16%
男20 一輝
16%
女31 彩夏
16%
男9
15%
男12 大地
15%
男39 直樹
15%
男45 俊介
15%
女4 彩乃
15%
男22 智也
14%
女1 美咲
14%
女20 麻衣
14%
女29 真衣
14%
女33 綾乃
14%
女39 愛美
14%
男4 拓海
12%
男36 拓真
12%
男48 大和
12%
女13 玲奈
12%
女32 莉奈
12%
女36 莉子
12%
女50 千尋
12%
男18 太一
11%
男29 達也
11%
女15 菜月
11%
女21 里奈
11%
女47 朱里
11%
男47 俊輔
10%
男19 竜也
9%
女35 千夏
9%
女37 愛梨
9%
女28 美羽
7%
女49 菜摘
7%
男43 健太郎
6%
女9 明日香
6%
女42 琴音
6%
男24 龍之介
5%
女17 菜々子
5%
女19 亜美
5%
女25 桃子
4%
女34 桃花
4%
女41 杏奈
4%
No matching quizzes found
Score Distribution
Percent of People with Each Score
Percentile by Number Answered
Your Score History
You have not taken this quiz